Arbitration law and practice in China (Record no. 372551)

MARC details
000 -LEADER
fixed length control field 00757nam a2200205Ia 4500
008 - FIXED-LENGTH DATA ELEMENTS--GENERAL INFORMATION
fixed length control field 191130s2008##################000#0#eng##
020 ## - INTERNATIONAL STANDARD BOOK NUMBER
ISBN 9789041127488
082 ## - DEWEY DECIMAL CLASSIFICATION NUMBER
Classification number 347.5109 TAO
100 ## - MAIN ENTRY--AUTHOR NAME
Personal name Tao, Jingzhou
245 ## - TITLE STATEMENT
Title Arbitration law and practice in China
Statement of responsibility, etc Jingzhou Tao
250 ## - EDITION STATEMENT
Edition statement 2nd ed
260 ## - PUBLICATION, DISTRIBUTION, ETC. (IMPRINT)
Place of publication Alphen aan den Rijn, The Netherlands ; Frederick, MD
Name of publisher Kluwer Law International ; Sold and distributed in North, Central, and South America by Aspen Publishers, Inc
Year of publication c2008
300 ## - PHYSICAL DESCRIPTION
Number of Pages xxiv, 436 p. ; 25 cm
500 ## - GENERAL NOTE
General note Includes bibliographical references (p. [397]-405) and index
650 ## - SUBJECT ADDED ENTRY--TOPICAL TERM
Topical Term Arbitration and award - China
991 ## -
-- 308681
Holdings
Withdrawn status Lost status Damaged status Not for loan Home library Current library Shelving location Date acquired Full call number Accession Number Price effective from Koha item type
        Anna Centenary Library Anna Centenary Library 4TH FLOOR, A WING 17.10.2020 347.5109 TAO 441875 17.10.2020 English Books

Find us on the map